Statistiques concernant Culture Générale - Série 1176

Cliquez ici pour prendre le quiz!

Statistiques générales

  • Ce quiz a été pris 62 fois
  • Le résultat moyen est 4 sur 10

Statistiques - réponses

QuestionRéponse% Correct
Au Moyen Age, quel grand casque enveloppait toute la tête et le visage des hommes d'armes ?heaume
81%
Quel mot désigne l'excrément des bovins ?bouse
79%
A quel grand compositeur allemand né au XVIIIe siècle doit-on la sonate pour piano dite "Clair de lune" ?Ludwig van Beethoven
69%
Comment écrit-on 250 en chiffres romains ?CCL
67%
Quelle chanteuse et désormais imitatrice a interprété l'hymne "Victoire", lors de l'inauguration du Stade de France en 1998 ?Liane Foly
31%
En 1931, pour quel motif Al Capone fut-il condamné à onze ans de prison ?fraude fiscale
29%
Dans quelle ville française se trouve le stade de football du Roudourou ?Guingamp
26%
Quel mot de 5 lettres désigne une moquerie collective et une petite brise passagère ?risée
22%
Prince, l'interprète de "Purple Rain", s'est aussi fait appeler Love...Symbol
10%
Dans quel roman, dont le titre est une date, Victor Hugo retrace-t-il le combat entre les insurgés vendéens et les Républicains ?Quatrevingt-Treize
9%

Distribution des résultats

Percentile par nombre de réponses

% des personnes avec chaque résultat

Votre développement - résultats

Vous n’avez pas pris ce quiz